[Event "Aragon-chT Honor Pl 7-10"]
[Site "Aragon"]
[Date "2022.03.26"]
[Round "9.20"]
[White "Moya Gimeno, Raul"]
[Black "Laplaza Ara, Carlos"]
[Result "1-0"]
[WhiteElo "1877"]
[BlackElo "1932"]
[PlyCount "59"]
[EventDate "2022.03.19"]
[EventType "team-tourn"]
[EventRounds "9"]
[EventCountry "ESP"]
[SourceTitle "EXT 2024"]
[Source "ChessBase"]
[SourceDate "2023.10.10"]
[SourceVersion "1"]
[SourceVersionDate "2023.10.10"]
[SourceQuality "1"]
[WhiteTeam "Marcos Frechin"]
[BlackTeam "Huesca Club Atletismo"]
[WhiteTeamCountry "ESP"]
[BlackTeamCountry "ESP"]

1. e4 c6 2. Nc3 d5 3. Nf3 dxe4 4. Nxe4 Bf5 5. Ng3 Bg6 6. h4 h6 7. Ne5 Bh7 8. Qh5 g6 9. Bc4 e6 10. Qe2 Qe7 11. d4 Nf6 12. Bf4 Nbd7 13. 0-0-0 Nd5 14. Bxd5 exd5 15. Rhe1 Nxe5 16. Bxe5 Rg8 17. Qf3 0-0-0 18. Bf6 Qd7 19. Bxd8 Kxd8 20. Kb1 Bd6 21. Qf6+ Kc7 22. Re3 Re8 23. Rde1 Rxe3 24. Rxe3 g5 25. hxg5 Qg4 26. Rf3 Bxg3 27. Qe7+ Kc8 28. Qf8+ Kc7 29. Rxf7+ Kb6 30. Qb4+ 1-0

[Event "Aragon-chT Honor Gr II"]
[Site "Aragon"]
[Date "2022.02.19"]
[Round "4.24"]
[White "Laplaza Ara, Carlos"]
[Black "Fabre Perez, Jose Maria"]
[Result "1/2-1/2"]
[WhiteElo "1932"]
[BlackElo "2009"]
[PlyCount "70"]
[EventDate "2022.01.29"]
[EventType "team-tourn"]
[EventRounds "7"]
[EventCountry "ESP"]
[SourceTitle "EXT 2024"]
[Source "ChessBase"]
[SourceDate "2023.10.10"]
[SourceVersion "1"]
[SourceVersionDate "2023.10.10"]
[SourceQuality "1"]
[WhiteTeam "Huesca Club Atletismo"]
[BlackTeam "Delicias"]
[WhiteTeamCountry "ESP"]
[BlackTeamCountry "ESP"]

1. d4 Nf6 2. c4 g6 3. Nc3 Bg7 4. e4 d6 5. Nf3 0-0 6. Be2 c5 7. 0-0 cxd4 8. Nxd4 Nc6 9. Be3 Bd7 10. Qd2 Nxd4 11. Bxd4 Bc6 12. f3 a5 13. Nd5 Nd7 14. Bxg7 Kxg7 15. Qd4+ e5 16. Qd2 Nc5 17. Rfd1 Ne6 18. Kh1 Bxd5 19. cxd5 Nd4 20. Rac1 Rc8 21. Rxc8 Qxc8 22. Rc1 Qd7 23. Bd1 Rc8 24. Kg1 Rxc1 25. Qxc1 Qb5 26. Qc3 h5 27. Kf2 h4 28. h3 g5 29. b3 Qb4 30. Qxb4 axb4 31. Be2 Kf6 32. Bd3 Ke7 33. Ke3 f5 34. Be2 f4+ 35. Kd3 Nxe2 1/2-1/2

[Event "Benasque op 39th"]
[Site "Benasque"]
[Date "2019.07.04"]
[Round "1"]
[White "Markus, Robert"]
[Black "Laplaza Ara, Carlos"]
[Result "1-0"]
[WhiteElo "2595"]
[BlackElo "1960"]
[PlyCount "81"]
[EventDate "2019.07.04"]
[EventType "swiss"]
[EventRounds "10"]
[EventCountry "ESP"]
[SourceTitle "EXT 2020"]
[Source "ChessBase"]
[SourceDate "2019.10.17"]
[SourceVersion "1"]
[SourceVersionDate "2019.10.17"]
[SourceQuality "1"]

1. d4 d5 2. c4 e6 3. Nf3 Nf6 4. g3 Be7 5. Bg2 0-0 6. 0-0 b6 7. cxd5 exd5 8. Nc3 Bb7 9. b3 c5 10. Bb2 Nc6 11. Rc1 Rc8 12. e3 Ne4 13. dxc5 Nxc3 14. Bxc3 bxc5 15. Qd2 Qd6 16. Qb2 f6 17. Rfd1 Rfd8 18. Ne1 Qe6 19. Nd3 d4 20. exd4 cxd4 21. Bd2 Qd7 22. Re1 Bf8 23. b4 Re8 24. Rxe8 Rxe8 25. Qb3+ Kh8 26. Qa4 Rc8 27. b5 Ne5 28. Nxe5 Rxc1+ 29. Bxc1 fxe5 30. Qxa7 Qc8 31. Qxb7 Qxc1+ 32. Bf1 h6 33. Qb8 Qc5 34. Bd3 Qd6 35. Qe8 Qe7 36. Qg6 Kg8 37. b6 Qd6 38. Qe8 Qe7 39. Qa8 Qa3 40. b7 Qc1+ 41. Bf1 1-0

[Event "Aragon-chT Honor GrA"]
[Site "Aragon"]
[Date "2015.02.21"]
[Round "5.12"]
[White "Laplaza Ara, Carlos"]
[Black "Marin Tolosa, Guillermo"]
[Result "1-0"]
[WhiteElo "1954"]
[BlackElo "1994"]
[PlyCount "103"]
[EventDate "2015.01.24"]
[EventType "team-tourn"]
[EventRounds "7"]
[EventCountry "ESP"]
[SourceTitle "EXT 2017"]
[Source "ChessBase"]
[SourceDate "2016.10.25"]
[SourceVersion "1"]
[SourceVersionDate "2016.10.25"]
[SourceQuality "1"]
[WhiteTeam "Huesca Club Atletismo"]
[BlackTeam "Teruel"]
[WhiteTeamCountry "ESP"]
[BlackTeamCountry "ESP"]

1. d4 Nf6 2. Nf3 e6 3. g3 b6 4. Bg2 Bb7 5. 0-0 Be7 6. c4 0-0 7. Nc3 d6 8. Qc2 Nbd7 9. e4 e5 10. dxe5 dxe5 11. Rd1 Qb8 12. Bg5 Bd6 13. a3 h6 14. Bxf6 Nxf6 15. Nd5 Bxd5 16. cxd5 b5 17. Nd2 Qb6 18. Rac1 g6 19. Nb3 Ng4 20. h3 Nf6 21. Qd2 Kg7 22. Rc6 Qb8 23. Nc5 Qe8 24. Rc1 Nd7 25. Na6 Nb6 26. Nxc7 Bxc7 27. Rxc7 Nc4 28. Qc3 Rc8 29. Rxc8 Qxc8 30. Bf1 Qb8 31. Bxc4 bxc4 32. Qxc4 Qxb2 33. Qc5 Rb8 34. Qc3 Qxc3 35. Rxc3 Rb7 36. Rc6 h5 37. a4 Kf8 38. h4 Ke8 39. Kg2 Kd7 40. Kf3 Rb3+ 41. Ke2 Rb4 42. Ra6 Rxe4+ 43. Kf3 Rd4 44. Rxa7+ Kd6 45. Rxf7 Rxa4 46. Rf6+ Kxd5 47. Rxg6 Ra3+ 48. Kg2 Ke4 49. Rg5 Ra2 50. Rxh5 Kd4 51. Rh8 Ra3 52. g4 1-0

[Event "Aragon-chT Honor Descenso"]
[Site "Aragon"]
[Date "2013.03.24"]
[Round "9.24"]
[White "Laplaza Ara, Carlos"]
[Black "Palacios Herrero, Pablo"]
[Result "1-0"]
[WhiteElo "2020"]
[BlackElo "1963"]
[PlyCount "49"]
[EventDate "2013.01.26"]
[EventType "team-tourn"]
[EventRounds "11"]
[EventCountry "ESP"]
[SourceTitle "EXT 2014"]
[Source "ChessBase"]
[SourceDate "2013.11.20"]
[SourceVersion "1"]
[SourceVersionDate "2013.11.20"]
[SourceQuality "1"]
[WhiteTeam "Huesca Club Atletismo"]
[BlackTeam "Ramiro"]
[WhiteTeamCountry "ESP"]
[BlackTeamCountry "ESP"]

1. d4 e6 2. c4 Nf6 3. Nc3 Bb4 4. a3 Bxc3+ 5. bxc3 c5 6. e3 0-0 7. Nf3 Nc6 8. Bd3 b6 9. 0-0 Ba6 10. e4 Ne8 11. Qe2 Na5 12. Bf4 Rc8 13. d5 d6 14. e5 dxe5 15. Nxe5 exd5 16. cxd5 c4 17. Bf5 Rc7 18. Nc6 Rxc6 19. dxc6 Nxc6 20. Rfe1 Nf6 21. Rad1 Qa8 22. Bg5 Re8 23. Qf3 Bb7 24. Bxf6 gxf6 25. Qg3+ 1-0

[Event "Aragon-chT"]
[Site "Aragon"]
[Date "2009.02.21"]
[Round "4"]
[White "Lasanta Rica, Cesar"]
[Black "Laplaza Ara, Carlos"]
[Result "1/2-1/2"]
[WhiteElo "2277"]
[BlackElo "1987"]
[PlyCount "43"]
[EventDate "2009.01.24"]
[EventType "team-swiss"]
[EventRounds "9"]
[EventCountry "ESP"]
[SourceTitle "EXT 2011"]
[Source "ChessBase"]
[SourceDate "2010.11.26"]
[SourceVersion "1"]
[SourceVersionDate "2010.11.26"]
[SourceQuality "1"]

1. d4 d5 2. c4 e6 3. Nc3 Nf6 4. cxd5 exd5 5. Bg5 Be7 6. e3 Nbd7 7. Bd3 0-0 8. Nge2 c6 9. Qc2 Re8 10. f3 Nf8 11. Bh4 Nh5 12. Bf2 g6 13. 0-0 f5 14. e4 fxe4 15. fxe4 dxe4 16. Nxe4 Be6 17. Be3 Bd5 18. N2c3 Nf6 19. h3 Nxe4 20. Nxe4 Ne6 21. Rae1 Rf8 22. Nc5 1/2-1/2

[Event "Aragon-chT"]
[Site "Aragon"]
[Date "2008.02.23"]
[Round "4"]
[White "Vasilev, Vas"]
[Black "Laplaza Ara, Carlos"]
[Result "1/2-1/2"]
[WhiteElo "1925"]
[BlackElo "2008"]
[PlyCount "82"]
[EventDate "2008.02.02"]
[EventType "team-swiss"]
[EventRounds "12"]
[EventCountry "ESP"]
[SourceTitle "EXT 2011"]
[Source "ChessBase"]
[SourceDate "2010.11.26"]
[SourceVersion "1"]
[SourceVersionDate "2010.11.26"]
[SourceQuality "1"]

1. d4 d5 2. Nf3 Nf6 3. Bg5 e6 4. Nbd2 Be7 5. e3 0-0 6. c3 c5 7. Bd3 b6 8. Ne5 Bb7 9. Qf3 Nbd7 10. h4 Qc7 11. Nxd7 Qxd7 12. Bxf6 Bxf6 13. Qh3 Rad8 14. f4 Be7 15. Nf3 f6 16. g4 Bd6 17. g5 f5 18. g6 h6 19. h5 Rc8 20. 0-0 b5 21. dxc5 Rxc5 22. Nd4 a6 23. a3 Rcc8 24. Qh4 Be7 25. Qh2 Bf6 26. Qd2 Bc6 27. Qc2 Bxd4 28. exd4 Qa7 29. Kh2 Qb6 30. Rfe1 Bd7 31. Kg3 a5 32. Qd2 Rb8 33. Qe3 Qd6 34. Qe5 Qxe5 35. dxe5 Rfc8 36. Kf2 Kf8 37. Ke3 Ke7 38. Re2 Rc7 39. Kd4 Rcb7 40. Rc1 Rc7 41. Rec2 a4 1/2-1/2

[Event "Aragon-chT"]
[Site "Aragon"]
[Date "2003.02.22"]
[Round "5"]
[White "Plo Palacian, Sandra"]
[Black "Laplaza Ara, Carlos"]
[Result "0-1"]
[WhiteElo "1849"]
[BlackElo "2154"]
[PlyCount "58"]
[EventDate "2003.02.??"]
[EventType "team"]
[EventRounds "9"]
[EventCountry "ESP"]
[SourceTitle "EXT 2004"]
[Source "ChessBase"]
[SourceDate "2003.11.25"]
[SourceVersion "1"]
[SourceVersionDate "2003.11.25"]
[SourceQuality "1"]

1. e4 c5 2. Nf3 d6 3. d4 cxd4 4. Nxd4 Nf6 5. Nc3 a6 6. f3 Nc6 7. Be3 Qc7 8. g4 h6 9. Qd2 e6 10. 0-0-0 Be7 11. h4 Nxd4 12. Bxd4 e5 13. Be3 Be6 14. Be2 0-0-0 15. Nd5 Bxd5 16. exd5 Nd7 17. Qb4 Nc5 18. a4 Kb8 19. g5 hxg5 20. hxg5 f5 21. f4 Rc8 22. c3 Ka8 23. Kc2 Qd7 24. a5 Qc7 25. Bh5 exf4 26. Qxf4 Ne4 27. Bd4 Qxa5 28. Bxg7 Qa4+ 29. Kc1 Bxg5 0-1